[Event "Open"]
[Site "Stare Mesto CZE"]
[Date "2006.08.19"]
[Round "10"]
[White "Lahner,J"]
[Black "Freyberg,D"]
[Result "1-0"]
[WhiteElo "2321"]
[BlackElo "2151"]

1.d4 Nf6 2.c4 e6 3.Nf3 d5 4.Nc3 c6 5.e3 Bd6 6.Bd3 O-O 7.O-O Nbd7 8.Qc2 Re8
9.b3 Nf8 10.Bb2 Ng4 11.h3 Nh6 12.e4 dxe4 13.Nxe4 Bc7 14.Rfe1 Nf5 15.Rad1 Ba5
16.Bc3 Bxc3 17.Qxc3 Bd7 18.c5 Qc7 19.Ne5 Ng6 20.Nc4 Nf4 21.Ned6 Red8 22.Be4 b5
23.Ne5 Nxd6 24.cxd6 Qxd6 25.Qf3 f5 26.Qxf4 fxe4 27.Qf7+ Kh8 28.Rxe4 h6  1-0

[Event "16th Open"]
[Site "Abu Dhabi UAE"]
[Date "2006.08.20"]
[Round "8"]
[White "Neverov,V"]
[Black "Jakovljevic,Vlado"]
[Result "1-0"]
[WhiteElo "2556"]
[BlackElo "2414"]

1.d4 d5 2.c4 c6 3.Nc3 Nf6 4.Nf3 e6 5.e3 Nbd7 6.Qc2 Bd6 7.b3 O-O 8.Bb2 b6
9.Bd3 Bb7 10.O-O Qe7 11.Rad1 e5 12.dxe5 Nxe5 13.Nxe5 Qxe5 14.g3 dxc4 15.bxc4 Qe7
16.Ne4 Nxe4 17.Bxe4 h6 18.Rd4 Rad8 19.Bg2 c5 20.Rdd1 Bxg2 21.Kxg2 Bc7 22.e4 Rfe8
23.f3 Be5 24.Rd5 Bxb2 25.Qxb2 Rxd5 26.cxd5 f5 27.Re1 fxe4 28.fxe4 Qd6 29.Qa3 Re7
30.Qa6 Kh7 31.a4 Qe5 32.Qd3 Rc7 33.d6 Rd7 34.Rd1 Kg6 35.Qf3 Kh7 36.Rd5 Qb2+
37.Kg1 Qa1+ 38.Rd1 Qf6 39.Qf4 Qxf4 40.gxf4 Kg6 41.Kf2 Kf6 42.Ke3 g5 43.h4 Ke6
44.fxg5 hxg5 45.h5 Kf6 46.h6 Ke6 47.e5 Kxe5 48.h7 Rxh7 49.d7 Rxd7 50.Rxd7 a6
51.Rg7 Kd5 52.Rxg5+ Kc4 53.Rg6 b5 54.Rxa6 b4 55.Rb6  1-0

[Event "Acropolis Open"]
[Site "Athens GRE"]
[Date "2006.08.20"]
[Round "8"]
[White "Delithanasis,D"]
[Black "Fragiadakis,K"]
[Result "1-0"]
[WhiteElo "2264"]
[BlackElo "2223"]

1.d4 d5 2.c4 c6 3.Nc3 Nf6 4.e3 e6 5.Nf3 Nbd7 6.Ne5 Be7 7.f4 O-O 8.Bd3 Qc7
9.O-O dxc4 10.Bxc4 a6 11.Bb3 b5 12.Qf3 Bb7 13.Qh3 b4 14.Ne2 Ne4 15.Nxf7 Rxf7
16.Qxe6 Ndf6 17.Qxf7+ Kh8 18.Ng3 Nd6 19.Qe6 Re8 20.Qh3 c5 21.dxc5 Qxc5 22.Bd2 Qb5
23.Be6 Nc4 24.Rf2 Bc5 25.Bxc4 Qxc4 26.Rc1  1-0

[Event "81st ch-FRA w"]
[Site "Besancon BRA"]
[Date "2006.08.21"]
[Round "7"]
[White "Verot,M"]
[Black "Guichard,P"]
[Result "0-1"]
[WhiteElo "2111"]
[BlackElo "2227"]

1.d4 d5 2.c4 c6 3.Nc3 Nf6 4.e3 e6 5.Nf3 Nbd7 6.Bd3 Bd6 7.e4 dxe4 8.Nxe4 Nxe4
9.Bxe4 e5 10.O-O O-O 11.dxe5 Nxe5 12.Nxe5 Bxe5 13.Bxh7+ Kxh7 14.Qh5+ Kg8
15.Qxe5 Re8 16.Qc3 Bf5 17.Be3 Qd3 18.Qb4 Bh3 19.Qc5 Bxg2 20.Rfd1 Qg6 21.Qg5 Qxg5
22.Bxg5 Bh3 23.Rd3 Bf5 24.Rg3 Re2 25.Bf6 Bg6 26.Bc3 Kh7 27.Rd1 Rae8 28.Rd7 R2e7
29.Rd1 f6 30.Bb4 Re5 31.Rd7 c5 32.Bc3 R5e7 33.Rd5 Re1+ 34.Bxe1 Rxe1+ 35.Kg2 Be4+
36.Kh3 Bxd5 37.cxd5 Rd1 38.Rb3 b6 39.Ra3 Rxd5 40.Rxa7 Rd2 41.b3 Rxf2 42.Ra6 Kg6
43.Kg3 Rc2 44.h3 b5 45.Rc6 b4 46.Ra6 Kf5 47.Rc6 Rc3+ 48.Kg2 Kf4 49.h4 Kg4
50.Rc7 Rc2+ 51.Kg1 Kxh4 52.Rxg7 Rxa2 53.Kf1 c4 54.Rb7 Kg3 55.bxc4 Kf3 56.Kg1 f5
57.Rxb4 Rc2 58.Rb5 f4 59.Rc5 Rc1+ 60.Kh2 Kf2 61.Rc8 f3 62.c5 Rc4 63.Kh3 Rc1
64.Kh2 Ke2 65.Re8+ Kf1 66.Kg3 f2 67.Re5 Kg1  0-1

[Event "XXVI Open A"]
[Site "Bratto ITA"]
[Date "2006.08.21"]
[Round "3"]
[White "Vezzosi,P"]
[Black "Vivo,M"]
[Result "1-0"]
[WhiteElo "2356"]
[BlackElo "2165"]

1.Nf3 Nf6 2.d4 d5 3.c4 e6 4.Nc3 c6 5.e3 Nbd7 6.Qc2 Bd6 7.g4 Nxg4 8.Rg1 Nh6
9.e4 dxe4 10.Bxh6 gxh6 11.Nxe4 Bb4+ 12.Nfd2 Nb6 13.c5 Qxd4 14.cxb6 axb6 15.Rg3 f5
16.Nc3 Bd7 17.Be2 O-O-O 18.Rd3 Qf4 19.Nf3 e5 20.Qd2 Qxd2+ 21.Rxd2 e4 22.Ne5 Be6
23.Bc4 Bxc4 24.Nxc4 Bc5 25.Rxd8+ Rxd8 26.Rd1 Rxd1+ 27.Nxd1 Kd7 28.Ke2 Ke6
29.Nc3 Bd4 30.a4 Bc5 31.h3 Bd4 32.f3 exf3+ 33.Kxf3 Bg1 34.Ne2 Bc5 35.Nf4+ Kf6
36.Nd3 Bg1 37.Nf2 Bh2 38.Nxb6 Ke6 39.Nd3 Bc7 40.Nc5+ Ke5 41.a5 Kd4 42.Ne6+  1-0

[Event "XXVI Open A"]
[Site "Bratto ITA"]
[Date "2006.08.21"]
[Round "3"]
[White "Grooten,H"]
[Black "Sardo,G"]
[Result "0-1"]
[WhiteElo "2362"]
[BlackElo "2190"]

1.d4 d5 2.c4 c6 3.Nc3 Nf6 4.e3 e6 5.Nf3 Nbd7 6.Qc2 Bd6 7.Be2 O-O 8.O-O dxc4
9.Bxc4 Qe7 10.h3 e5 11.a3 Re8 12.Ng5 Rf8 13.f4 exd4 14.exd4 h6 15.Bd2 Nb6
16.Rae1 Qc7 17.Ba2 hxg5 18.fxg5 Nfd5 19.Ne4 g6 20.Nxd6 Qxd6 21.Rf6 Bf5 22.Qxf5 Qxf6
23.Qxf6 Nxf6 24.gxf6 Rfe8 25.Re7 Rxe7 26.fxe7 Re8 27.Bb4 Nd5 28.Bxd5 cxd5
29.h4 f6 30.Kf2 Kf7 31.g4 Rc8 32.b3 Rc2+ 33.Kg3 Rb2 34.h5 Rxb3+ 35.Kg2 gxh5
36.gxh5 Re3 37.Bd6 Re4 38.Kg3 Rxd4 39.Be5 Re4  0-1

[Event "XXVI Open A"]
[Site "Bratto ITA"]
[Date "2006.08.21"]
[Round "3"]
[White "Epishin,V"]
[Black "Borgo,G"]
[Result "1-0"]
[WhiteElo "2555"]
[BlackElo "2414"]

1.d4 d5 2.c4 e6 3.Nf3 Nf6 4.Nc3 c6 5.e3 a6 6.b3 Bb4 7.Bd2 Nbd7 8.g3 Qe7 9.Bg2 dxc4
10.bxc4 e5 11.O-O O-O 12.Rb1 Bd6 13.Qc2 Re8 14.Rfd1 h6 15.Nh4 g6 16.c5 Bb8
17.d5 e4 18.dxc6 Nxc5 19.Na4 Nxa4 20.cxb7 Bxb7 21.Qxa4 Bd5 22.Bf1 Qe6 23.Bc3 Be5
24.Bxe5 Qxe5 25.Ng2 g5 26.Ne1 Qf5 27.Rd2 Nd7 28.Rbd1 Re5 29.Nc2 Nc5 30.Qa3 Rc8
31.Nd4 Qd7 32.Rc1 Bb7 33.Qb2 Rd5 34.Rdc2 Kh7 35.Qb6 Rd6 36.Qa5 Nd3 37.Rc7 Rxc7
38.Rxc7 Qd8  1-0

[Event "3rd Dato Arthur Tan"]
[Site "Kuala Lumpur MAS"]
[Date "2006.08.21"]
[Round "2"]
[White "Ton That Nhu Tung"]
[Black "Pham Thi Ngoc Tu"]
[Result "1-0"]
[WhiteElo "2230"]
[BlackElo "2068"]

1.d4 d5 2.c4 e6 3.Nc3 c6 4.e3 Nf6 5.Nf3 Nbd7 6.Qc2 Be7 7.b3 O-O 8.Be2 c5
9.cxd5 exd5 10.dxc5 Nxc5 11.O-O Qb6 12.Ba3 Bg4 13.Nd4 Bxe2 14.Qxe2 Rfe8 15.Rfd1 Nce4
16.Na4 Qc7 17.Bb2 Rac8 18.Rac1 Qa5 19.Qb5 Rxc1 20.Rxc1 Qd2 21.Qe2 Qxe2 22.Nxe2 Bd6
23.f3 b5 24.fxe4 bxa4 25.Bxf6 gxf6 26.exd5 Rxe3 27.Rc8+ Kg7 28.Nd4 Re5 29.g4 Rxd5
30.Nf5+ Rxf5 31.gxf5 axb3 32.axb3 Kh6 33.Rg8 Kh5 34.Rg7 Kh6 35.Rg4 Kh5 36.h3 Be5
37.Kf2 Kh6 38.Ke3 Bc7 39.Kd4 Bb6+ 40.Kd5 Be3 41.Kd6 Bd2 42.Ke7 Bc3 43.Kxf7 a5
44.Kg8 Bd2 45.Kh8 Be1 46.Kg8 Bd2 47.h4 Kh5 48.Rg7 Kxh4 49.Rxh7+ Kg5 50.Kf7 Be1
51.Ke6 Bc3 52.Rg7+ Kf4 53.Rc7 Bd4 54.Rc4 Ke3 55.Kd5 Bb6 56.Rc3+ Kf4 57.Rc6 Bd8
58.Ke6 Kg5 59.Kd7  1-0

[Event "NH Hotels"]
[Site "Amsterdam NED"]
[Date "2006.08.22"]
[Round "4"]
[White "Jussupow,Ar"]
[Black "Karjakin,Sergey"]
[Result "0-1"]
[WhiteElo "2617"]
[BlackElo "2679"]

1.d4 Nf6 2.c4 e6 3.Nf3 d5 4.Nc3 c6 5.e3 Nbd7 6.Qc2 Bd6 7.Bd3 dxc4 8.Bxc4 O-O
9.O-O a6 10.a3 c5 11.dxc5 Bxc5 12.b4 Be7 13.Bb2 b5 14.Ba2 Bb7 15.Rfd1 Rc8
16.Qe2 Qc7 17.Rac1 Qb8 18.Nd2 Rfd8 19.Bb1 Ne5 20.h3 h6 21.Ba1 Qa8 22.f3 Qb8
23.Na2 Nd5 24.f4 Nd7 25.Nc3 N7f6 26.Nxd5 Bxd5 27.e4 Bb7 28.Rxc8 Rxc8 29.Qe3 Qa8
30.Nb3 Nxe4 31.Rd7 Bh4 32.Qd3 Rd8 33.Rxd8+ Qxd8 34.Qxd8+ Bxd8 35.Bd4 Bc7
36.Bxe4 Bxe4 37.Nc5 Bd5 38.Be5 Bb6 39.Bd4 Bc7 40.Be5 Bb6 41.Bd4 Bd8 42.Nxa6 f6
43.Nc5 Be7 44.Kf2 Kf7 45.g3 g5 46.Nd3 Bc4 47.Ne1 Bd6 48.Be3 Kg6 49.Nf3 Kf5
50.fxg5 hxg5 51.Nd2 Bd5 52.g4+ Kg6 53.Bd4 Bf4 54.Nf1 Bc1 55.Ne3 Be4 56.Nd1 Bxa3
57.Nc3 Bc6 58.Bc5 Bb2 59.Ne2 Be5 60.Nd4 Bd7 61.Nf3 Bc7 62.Nd4 f5 63.Nf3 Kf6
64.Bf8 fxg4 65.hxg4 Bf4 66.Ng1 e5 67.Kf3 Bc6+ 68.Ke2 e4 69.Nh3 Bd7 70.Nf2 e3
71.Ne4+ Kg6 72.Nc3 Bxg4+ 73.Kd3 Be6 74.Bc5 Bc4+ 75.Kc2 Kf5 76.Kd1 g4 77.Ke1 g3
78.Nd1 Ke4 79.Nc3+ Kf3  0-1

[Event "NH Hotels"]
[Site "Amsterdam NED"]
[Date "2006.08.22"]
[Round "4"]
[White "Ljubojevic,L"]
[Black "Stellwagen,D"]
[Result "1/2-1/2"]
[WhiteElo "2551"]
[BlackElo "2575"]

1.d4 d5 2.c4 c6 3.Nc3 Nf6 4.Nf3 e6 5.e3 Nbd7 6.Bd3 dxc4 7.Bxc4 b5 8.Bd3 Bb7
9.a3 Bd6 10.O-O O-O 11.Bd2 a5 12.Qc2 h6 13.h3 b4 14.axb4 axb4 15.Na4 Rc8
16.Nc5 Nxc5 17.dxc5 Bxc5 18.Qxc5 Qxd3 19.Bxb4 Ne4 20.Qd4  1/2-1/2

[Event "Lichtenberger Sommer"]
[Site "Berlin GER"]
[Date "2006.08.23"]
[Round "5"]
[White "Stern,R"]
[Black "Meister,Y"]
[Result "1-0"]
[WhiteElo "2465"]
[BlackElo "2504"]

1.d4 d5 2.c4 e6 3.Nc3 c6 4.e3 Nf6 5.Nf3 Nbd7 6.Qc2 Bd6 7.Bd2 O-O 8.O-O-O Qe7
9.Kb1 c5 10.Bc1 dxc4 11.Bxc4 a6 12.Ne4 Nxe4 13.Qxe4 Nf6 14.Qh4 e5 15.dxe5 Bxe5
16.Nxe5 Qxe5 17.f3 Be6 18.Bxe6 Qxe6 19.e4 Rfd8 20.Bg5 Rxd1+ 21.Rxd1 Ne8 22.Rd5 b6
23.Qg3 f6 24.Bf4 Rc8 25.Qf2 c4 26.Qd4 b5 27.Bd2 h6 28.Bc3 Rc6 29.Bb4 Kh7
30.a3 Rc7 31.Ka1 Rc6 32.h3 Nc7 33.Rd7 Qe8 34.Re7 Qc8 35.Bc3 b4 36.axb4 Nb5
37.Qd7 Qxd7 38.Rxd7 Rd6 39.Rxd6 Nxd6 40.Kb1 Kg6 41.Kc2 Kf7 42.Kd2 Ke6 43.Ke3 Nb5
44.f4 g6 45.g4 f5 46.exf5+ gxf5 47.g5 Kf7 48.gxh6 Kg6 49.Bg7 Kh7 50.Kd2 Nc7
51.Kc3 Nd5+ 52.Kxc4 Nxf4 53.b5 axb5+ 54.Kxb5 Nxh3 55.Kc4 Ng5 56.b4 Ne6 57.b5 Kg6
58.b6 Nd8 59.Kd5 Nb7 60.Bf8 Kh7 61.Kc6 Na5+ 62.Kb5 Nb7 63.Ka6 Nd8 64.Be7 Nc6
65.Bg5 Kg6 66.b7  1-0

[Event "XXVI Open A"]
[Site "Bratto ITA"]
[Date "2006.08.23"]
[Round "5"]
[White "De Santis,A"]
[Black "Sardo,G"]
[Result "1-0"]
[WhiteElo "2337"]
[BlackElo "2190"]

1.d4 d5 2.c4 c6 3.Nc3 Nf6 4.e3 e6 5.Nf3 a6 6.a4 Nbd7 7.Bd3 Bd6 8.e4 Bb4 9.cxd5 exd5
10.e5 Ne4 11.O-O f5 12.Qb3 Be7 13.Ne1 Qb6 14.Qxb6 Nxb6 15.a5 Nxc3 16.bxc3 Nc4
17.Bxc4 dxc4 18.f4 Be6 19.Nc2 O-O-O 20.Ba3 Bxa3 21.Rxa3 c5 22.Raa1 Rhg8 23.dxc5 Rd3
24.Nd4 Re8 25.Rf3 Rxf3 26.gxf3 g6 27.Kf2 Bd5 28.h4 Kd7 29.Rg1 Rc8 30.h5 Rxc5
31.hxg6 hxg6 32.Rxg6 Rxa5 33.Ke3 Ke8 34.Nxf5 Ra3 35.Kd4 Bxf3 36.e6 Kd8 37.e7+  1-0

[Event "XXVI Open A"]
[Site "Bratto ITA"]
[Date "2006.08.24"]
[Round "6"]
[White "Mantovani,R"]
[Black "Rombaldoni,Ax"]
[Result "0-1"]
[WhiteElo "2370"]
[BlackElo "2169"]

1.d4 d5 2.c4 e6 3.Nc3 c6 4.e3 Nf6 5.Nf3 Nbd7 6.Bd3 b6 7.O-O Bb7 8.Qe2 Be7
9.e4 dxe4 10.Nxe4 Nxe4 11.Bxe4 Nf6 12.Bc2 O-O 13.Re1 Re8 14.Bg5 c5 15.Ba4 Rf8
16.Rad1 Bxf3 17.Qxf3 cxd4 18.Qd3 h6 19.Bh4 Ne8 20.Bc2 g6 21.Bxe7 Qxe7 22.Qxd4 Nf6
23.Qh4 Kg7 24.Rd4 Rfd8 25.Red1 e5 26.R4d3 Rxd3 27.Bxd3 e4 28.Bf1 Rd8 29.Rxd8 Qxd8
30.Qf4 Qd4 31.b4 Qc3 32.h4 Qxb4 33.g4 Qe7 34.g5 hxg5 35.hxg5 Nh7 36.Bg2 Nxg5
37.a4 Qf6 38.Qc7 a5 39.c5 bxc5 40.Qxc5 Qf5 41.Qc3+ Kg8 42.Qd2 Nf3+ 43.Bxf3 exf3
44.Qd4 Qg5+  0-1

[Event "VII Open"]
[Site "Tarragona ESP"]
[Date "2006.08.24"]
[Round "6"]
[White "Malakhatko,V"]
[Black "Krivoshey,S"]
[Result "1/2-1/2"]
[WhiteElo "2594"]
[BlackElo "2500"]

1.d4 d5 2.c4 c6 3.Nc3 Nf6 4.e3 e6 5.Nf3 a6 6.b3 Bb4 7.Bd2 O-O 8.Bd3 Nbd7
9.O-O Qe7 10.Qe1 dxc4 11.bxc4  1/2-1/2

[Event "Canadian Closed zt"]
[Site "Toronto CAN"]
[Date "2006.08.24"]
[Round "7"]
[White "Lipnowski,S"]
[Black "Dougherty,M"]
[Result "1/2-1/2"]
[WhiteElo "2247"]
[BlackElo "2186"]

1.d4 d5 2.c4 c6 3.Nc3 e6 4.Nf3 Nf6 5.e3 Nbd7 6.Bd3 dxc4 7.Bxc4 b5 8.Be2 Bb7
9.O-O b4 10.Na4 c5 11.Nxc5 Nxc5 12.dxc5 Bxc5 13.Qa4+ Ke7 14.Rd1 Qb6 15.Bd2 Rhd8
16.Be1 a5 17.Ne5 Rd5 18.Rxd5 Bxd5 19.Bf3 Bxf3  1/2-1/2

[Event "NH Hotels"]
[Site "Amsterdam NED"]
[Date "2006.08.25"]
[Round "6"]
[White "Jussupow,Ar"]
[Black "Stellwagen,D"]
[Result "1/2-1/2"]
[WhiteElo "2617"]
[BlackElo "2575"]

1.d4 d5 2.Nf3 Nf6 3.c4 c6 4.Nc3 e6 5.e3 Nbd7 6.Bd3 dxc4 7.Bxc4 b5 8.Bd3 Bb7
9.a3 b4 10.axb4 Bxb4 11.O-O c5 12.Na2 a5 13.Nxb4 axb4 14.Rxa8 Qxa8 15.Be2 O-O
16.dxc5 Nxc5 17.Qd4 Nb3 18.Qxb4 Bd5 19.e4 Rb8 20.Qa3 Nxe4 21.Qxa8 Rxa8 22.Be3 Ra2
23.Rb1 f6 24.Bd1 Nec5 25.Bxb3 Nxb3 26.Nd2 Nxd2 27.Bxd2 Be4 28.Re1 Rxb2 29.Bc1 Rc2
30.f3 Bd5 31.Be3 g5 32.h3 Kf7 33.Rf1 Rc3 34.Bd2 Rd3 35.Rf2 h5 36.Ba5 Kg6
37.Rd2 Rb3 38.Bc7 Rb4 39.Rf2 Rc4 40.Bd6 Kf7 41.Rd2 Bc6 42.Ba3 e5 43.Rd1 Rc3
44.Bb4 Rb3 45.Ba5 Ke6 46.Be1 Rb2 47.Bf2 Rc2 48.Be3 Re2 49.Bf2 Ra2 50.Rc1 Bd5
51.Rb1 Kf5 52.Rb6 Rc2 53.Rd6 Rc1+ 54.Kh2 Rd1 55.g4+ hxg4 56.hxg4+ Kg6 57.Bb6 Rd2+
58.Kg1 Rd1+ 59.Kh2 Bxf3 60.Rxd1 Bxd1 61.Kg3 Kf7 62.Bd8 Ke6 63.Kh3 e4 64.Kg3 e3
65.Bb6 e2 66.Kf2 e1=Q+ 67.Kxe1 Bxg4 68.Kf2 Bd1  1/2-1/2

[Event "Lichtenberger Sommer"]
[Site "Berlin GER"]
[Date "2006.08.25"]
[Round "7"]
[White "Federau,J"]
[Black "Meister,Y"]
[Result "0-1"]
[WhiteElo "2225"]
[BlackElo "2504"]

1.d4 d5 2.c4 e6 3.Nc3 c6 4.e3 Nf6 5.Nf3 Nbd7 6.Bd3 dxc4 7.Bxc4 b5 8.Bd3 a6
9.a4 Bb7 10.O-O b4 11.Ne4 c5 12.Ned2 cxd4 13.exd4 Bd6 14.Nc4 Bc7 15.a5 O-O
16.Re1 Bd5 17.Bg5 Qb8 18.Nce5 h6 19.Bd2 Rd8 20.Qe2 Qb7 21.Bb1 Bd6 22.h3 b3
23.g4 Nxe5 24.Nxe5 Bxe5 25.dxe5 Bh1 26.f4 Bf3 27.Qf2 Nd7 28.f5 Nc5 29.Qe3 Be4
30.f6 Bxb1 31.fxg7 Rd3 32.Qf4 Rxh3 33.Raxb1 Rh1+ 34.Kf2 Nd3+  0-1

[Event "Adolfo Pedrido Mem"]
[Site "Vilagarcia de Arousa ESP"]
[Date "2006.08.25"]
[Round "1"]
[White "Perez,Yo"]
[Black "Moreira Martinez,X"]
[Result "1-0"]
[WhiteElo "2290"]
[BlackElo "1849"]

1.d4 d5 2.Nf3 Nf6 3.c4 e6 4.Nc3 c6 5.e3 Nbd7 6.Bd3 dxc4 7.Bxc4 b5 8.Bd3 a6
9.e4 Bb7 10.e5 Nd5 11.Nxd5 cxd5 12.Bd2 Be7 13.h4 Rc8 14.a4 b4 15.a5 Nb8 16.Qe2 O-O
17.Bxh7+ Kh8 18.Ng5 g6 19.Nxe6 fxe6 20.Bxg6 Kg7 21.Rh3 Rh8 22.Qg4 Qg8 23.Bh7+ Kxh7
24.Qh5+ Kg7 25.Rg3+ Kf8 26.Bh6+ Rxh6 27.Qxh6+  1-0

[Event "Rudenko Mem"]
[Site "St Petersburg RUS"]
[Date "2006.08.26"]
[Round "1"]
[White "Lupik,M"]
[Black "Dudareva,N"]
[Result "1-0"]
[WhiteElo "2249"]
[BlackElo "2050"]

1.d4 d5 2.c4 e6 3.Nf3 Nf6 4.Nc3 c6 5.e3 Bd6 6.Bd3 Nbd7 7.e4 dxe4 8.Nxe4 Nxe4
9.Bxe4 e5 10.O-O O-O 11.Qc2 h6 12.Be3 Qe7 13.Rfe1 Nf6 14.dxe5 Bxe5 15.Bd4 Nxe4
16.Qxe4 f6 17.Nxe5 fxe5 18.Bxe5 Bf5 19.Qe3 Qf7 20.Qg3 Rfe8 21.h3 Re6 22.Rad1 Rg6
23.Qc3 Re8 24.Bg3 Rge6 25.Re5 Rxe5 26.Bxe5 Qh5 27.Re1 Qg6 28.Re3 Qf7 29.Rg3 g6
30.b3 Qd7 31.Re3 h5 32.Bd4 a6 33.Rxe8+ Qxe8 34.Bh8 Qd7 35.Qe5 Qd1+ 36.Kh2 Qd7
37.Bf6 Qe6 38.Qb8+ Qc8 39.Qf4 Qe6 40.Bc3 Kf7 41.g4 hxg4 42.hxg4 Qe4 43.Qc7+ Ke8
44.gxf5 Qh4+ 45.Kg1 Qg5+ 46.Qg3 Qxf5 47.Qb8+ Kd7 48.Qxb7+ Kd6 49.Bb4+ Ke5
50.Qc7+ Kd4 51.Qd6+ Ke4 52.Qxc6+ Kd3 53.Qd5+  1-0

[Event "VIII Open"]
[Site "Sants ESP"]
[Date "2006.08.27"]
[Round "3"]
[White "Gofshtein,Z"]
[Black "Aranda Gonzales,J"]
[Result "1/2-1/2"]
[WhiteElo "2521"]
[BlackElo "2298"]

1.d4 e6 2.c4 d5 3.Nc3 c6 4.e3 Nf6 5.Nf3 Nbd7 6.Qc2 a6 7.b3 dxc4 8.bxc4 c5
9.Bd3 Bd6 10.Bb2 Qc7 11.O-O h6 12.d5 exd5 13.Nxd5 Nxd5 14.cxd5 O-O 15.a4 b6
16.Rac1 Rb8 17.Qe2 b5 18.axb5 axb5 19.Nd4 c4 20.Nf5 Ne5 21.Bb1 Bxf5 22.Bxf5 Qe7
23.Bd4 Nd7 24.Ra1 Nc5 25.Qg4 Qg5 26.Qh3 Nb3 27.f4 Qe7 28.Ra7 Rb7 29.Bxg7 Kxg7
30.Rxb7 Qxb7 31.Qg4+ Kf6 32.e4 Bc5+ 33.Kh1 Ke7 34.Qh4+ f6 35.e5 Qxd5 36.Re1 Kd8
37.Bg4 c3 38.Qh5 c2 39.Qf5 Kc7 40.Qxc2 f5 41.Be2 Qd2 42.Qxd2 Nxd2 43.Bxb5 Ne4
44.g3 Rb8 45.Rb1 Rd8 46.Rb2 Rd2 47.Rxd2 Nxd2 48.Bd3 Ne4 49.Kg2 h5 50.Bc4 Kd7
51.Bf7 h4 52.gxh4 Bf8 53.h5 Bh6 54.Kf3  1/2-1/2

[Event "Adolfo Pedrido Mem"]
[Site "Vilagarcia de Arousa ESP"]
[Date "2006.08.27"]
[Round "3"]
[White "Sanchez Juncal,B"]
[Black "Bouza Brey Teijeiro,G"]
[Result "1-0"]
[WhiteElo "2202"]
[BlackElo "1964"]

1.d4 d5 2.c4 c6 3.Nc3 Nf6 4.Nf3 e6 5.e3 Nbd7 6.Bd3 dxc4 7.Bxc4 b5 8.Bd3 a6
9.e4 c5 10.d5 c4 11.dxe6 fxe6 12.Bc2 Qc7 13.Ng5 Nc5 14.Qf3 Bb7 15.Qh3 Qc6
16.Be3 b4 17.Bxc5 Bxc5 18.Ba4  1-0

[Event "TCh-Serbia"]
[Site "Zlatibor SCG"]
[Date "2006.08.27"]
[Round "2"]
[White "Moiseenko,A1"]
[Black "Georgiev,Ki"]
[Result "1-0"]
[WhiteElo "2649"]
[BlackElo "2685"]

1.d4 d5 2.c4 c6 3.Nc3 Nf6 4.e3 e6 5.Nf3 a6 6.b3 Bb4 7.Bd2 Nbd7 8.Bd3 O-O
9.O-O Qe7 10.Ne5 Nxe5 11.dxe5 Nd7 12.f4 f6 13.Qc2 h6 14.exf6 Nxf6 15.Kh1 Bd7
16.e4 d4 17.e5 dxc3 18.exf6 Qxf6 19.Be1 c5 20.a3 Ba5 21.Rb1 Bc6 22.b4 Bc7
23.Bxc3 Qh4 24.Be5 Bxe5 25.fxe5 Qd4 26.Qe2 Rad8 27.Bg6 cxb4 28.axb4 b5 29.Rxf8+ Rxf8
30.Rf1 bxc4 31.Bh7+ Kxh7 32.Rxf8 c3 33.Qc2+ g6 34.Rf7+ Kh8 35.Rf1 Be4 36.Qf2 Qxf2
37.Rxf2 Kg7 38.Kg1 g5 39.Rf1 c2 40.Kf2 Kg6 41.g4 h5 42.Ke3 Bd5 43.Rf6+ Kg7
44.Kd2 hxg4 45.Kxc2 Be4+ 46.Kc3  1-0

[Event "VIII Open"]
[Site "Sants ESP"]
[Date "2006.08.28"]
[Round "4"]
[White "Gonzalez Garcia,J"]
[Black "Aranda Gonzales,J"]
[Result "1-0"]
[WhiteElo "2503"]
[BlackElo "2298"]

1.d4 e6 2.c4 d5 3.Nc3 c6 4.e3 Nf6 5.Nf3 Nbd7 6.Qc2 Bd6 7.Be2 O-O 8.O-O b6
9.e4 dxe4 10.Nxe4 Nxe4 11.Qxe4 Bb7 12.Rd1 Qe7 13.Bf4 Bxf4 14.Qxf4 Rac8 15.c5 bxc5
16.dxc5 Nxc5 17.Qb4 Rc7 18.Ne5 Na6 19.Qxe7 Rxe7 20.Rac1 Nb8 21.Bf3 f6 22.Nd3 Rc8
23.b4 Kf7 24.a3 c5 25.Bxb7 Rxb7 26.Rxc5 Rd8 27.Ne5+ Ke8 28.Rxd8+ Kxd8 29.Nd3 Nd7
30.Ra5 Rc7 31.Kf1 Ke7 32.Ke2 e5 33.f4 exf4 34.Nxf4 Nb6 35.Nd3 Kd6 36.Nc5 Re7+
37.Kd3 f5 38.Nb3 g6 39.Nd4 Rd7 40.Rxa7 Rxa7 41.Nb5+ Kd5 42.Nxa7 Nc4 43.Nb5 Ne5+  1-0

[Event "NH Hotels"]
[Site "Amsterdam NED"]
[Date "2006.08.29"]
[Round "10"]
[White "Jussupow,Ar"]
[Black "Smeets,J"]
[Result "0-1"]
[WhiteElo "2617"]
[BlackElo "2532"]

1.d4 d5 2.c4 c6 3.Nf3 Nf6 4.Nc3 e6 5.e3 Nbd7 6.Bd3 dxc4 7.Bxc4 b5 8.Bd3 Bb7
9.O-O a6 10.e4 c5 11.d5 c4 12.Bc2 Qc7 13.Qe2 Bd6 14.Bg5 O-O 15.Bxf6 gxf6
16.Nd4 Bxh2+ 17.Kh1 Be5 18.dxe6 Bxd4 19.exd7 Bxc3 20.Qg4+ Kh8 21.bxc3 Rg8
22.Qf5 Rg6 23.g3 Rd8 24.Rad1 Qe5 25.Qxe5 fxe5 26.f4 Rxg3 27.fxe5 Kg7 28.e6 fxe6
29.Kh2 Rg6 30.Rd2 Bc6 31.e5 Rh6+ 32.Kg3 Bd5 33.Rxd5 exd5 34.Bf5 Kf7 35.Rd1 Rg8+
36.Kf3 Ke7 37.Rxd5 Rh1 38.Ke2 Rh5 39.Bg4 Rhg5 40.Bh3 h5 41.Rc5 h4 42.Kd2 Rg3
43.Bf5 Rf3 44.e6 h3 45.Rc8 Rd8 46.Be4 Rf6  0-1

[Event "VIII Open"]
[Site "Sants ESP"]
[Date "2006.08.29"]
[Round "5"]
[White "Kunin,V"]
[Black "Gardela Batlle,J"]
[Result "1-0"]
[WhiteElo "2494"]
[BlackElo "2230"]

1.d4 d5 2.c4 e6 3.Nc3 c6 4.e3 Nf6 5.Nf3 Nbd7 6.Qc2 Bd6 7.Bd3 O-O 8.O-O h6
9.Rd1 b6 10.e4 dxe4 11.Nxe4 Nxe4 12.Bxe4 Bb7 13.Be3 Nf6 14.Bd3 Qe7 15.c5 Bc7
16.Qe2 Nd5 17.Rac1 bxc5 18.dxc5 e5 19.Be4 Nxe3 20.Qxe3 Kh8 21.Bf5 Bc8 22.Bxc8 Raxc8
23.Re1 Rce8 24.Qe4 Qf6 25.g3 Bb8 26.Kg2 Qe6 27.Qc4 Qxc4 28.Rxc4 f5 29.Ra4 Rf6
30.Rd1 Kh7 31.Rd7 e4 32.Nd2 e3 33.fxe3 Rxe3 34.Rb4 Re8 35.Rbb7 Rg6 36.Kf3 Rf8
37.Nc4 h5 38.Rf7 Rxf7 39.Rxf7 h4 40.gxh4 Rh6 41.Rxf5 Rxh4 42.Na5 Rxh2 43.Nxc6 Rxb2
44.a4 a6 45.Nxb8 Rxb8 46.Ke4 Kg6 47.Rf1 Kh5 48.c6 g5 49.c7 Rc8 50.Rc1  1-0

[Event "TCh-Serbia"]
[Site "Zlatibor SCG"]
[Date "2006.08.29"]
[Round "4"]
[White "Simonovic,A"]
[Black "Lajthajm,B"]
[Result "1/2-1/2"]
[WhiteElo "2408"]
[BlackElo "2507"]

1.Nf3 d5 2.d4 c6 3.c4 e6 4.Nc3 Nf6 5.e3 Nbd7 6.Qc2 Be7 7.Be2 b6 8.O-O Bb7
9.Rd1 Qb8 10.b3 O-O 11.Bb2 Rd8 12.Rac1 a6 13.e4 dxe4 14.Nxe4 Nxe4 15.Qxe4 c5
16.Qe3 Bf6 17.Bc3 Qc7 18.h3 h6 19.dxc5 bxc5 20.Bxf6 Nxf6 21.Ne5 Be4 22.f4 Qa5
23.g4 Qc7 24.h4 Bb7 25.Bf3 Bxf3 26.Qxf3 Rac8 27.g5 hxg5 28.hxg5 Nd7 29.Nxd7 Rxd7
30.Rxd7 Qxd7 31.Rd1 Qc7 32.Kf2 Rd8 33.Kg3 g6 34.Rxd8+ Qxd8 35.Qe3 Qd6 36.Qe5 Qd3+
37.Kh4 Qf3 38.Qb8+ Kh7 39.Qc7 Qf2+ 40.Kh3  1/2-1/2

[Event "Chess Cruise g/15"]
[Site "Odessa/Istanbul UKR/TUR"]
[Date "2006.08.30"]
[Round "3"]
[White "Zhukova,N"]
[Black "Savchenko,S"]
[Result "1-0"]
[WhiteElo "2456"]
[BlackElo "2508"]

1.d4 d5 2.c4 c6 3.Nc3 Nf6 4.e3 e6 5.Nf3 Nbd7 6.Bd3 dxc4 7.Bxc4 b5 8.Bd3 Bb7
9.O-O a6 10.e4 c5 11.d5 Qc7 12.dxe6 fxe6 13.Bc2 c4 14.Nd4 Nc5 15.Qe2 Bd6
16.f4 e5 17.Nf5 O-O 18.Rd1 Rad8 19.Rxd6 Rxd6 20.fxe5 Re6 21.exf6 Rfxf6 22.Qg4 b4
23.Bf4 Qf7 24.Nd5 Rg6 25.Qf3 b3 26.axb3 cxb3 27.Bxb3 Nxb3 28.Qxb3 Kh8 29.Qd3 Rxe4
30.Qxe4 Bxd5 31.Qe5 Rxg2+ 32.Kf1 Qh5 33.Qb8+ Bg8 34.Kxg2 Qxf5 35.Re1 h6 36.Qe5 Bd5+
37.Kg1 Qg4+ 38.Bg3 Qf3 39.Re2 Qh1+ 40.Kf2 Bf3 41.Re1 Qg2+ 42.Ke3  1-0

[Event "TCh-Serbia"]
[Site "Zlatibor SCG"]
[Date "2006.08.30"]
[Round "5"]
[White "Markus,R"]
[Black "Sedlak,N"]
[Result "1/2-1/2"]
[WhiteElo "2586"]
[BlackElo "2519"]

1.d4 d5 2.c4 c6 3.Nc3 Nf6 4.e3 e6 5.Nf3 a6 6.c5 b6 7.cxb6 Nbd7 8.Na4 Nxb6
9.Bd2 Nxa4 10.Qxa4 Bd7 11.Ne5 c5 12.Nxd7 Qxd7 13.Qxd7+ Kxd7 14.dxc5 Bxc5
15.Bd3 Rhb8 16.Rb1 Bb4 17.Ke2 a5 18.Rhc1 Ng4 19.f3 Ne5 20.Rc2  1/2-1/2

[Event "TCh-Serbia w"]
[Site "Zlatibor SCG"]
[Date "2006.08.30"]
[Round "5"]
[White "Olarasu,G"]
[Black "Korbut,E"]
[Result "0-1"]
[WhiteElo "2222"]
[BlackElo "2430"]

1.d4 d5 2.c4 c6 3.Nf3 Nf6 4.e3 e6 5.Nc3 Nbd7 6.Qc2 Bd6 7.b3 O-O 8.Bb2 Qe7
9.Be2 Re8 10.O-O b6 11.e4 Nxe4 12.Nxe4 dxe4 13.Qxe4 Bb7 14.Bd3 Nf6 15.Qh4 h6
16.Rfe1 Nd7 17.Qe4 Nf6 18.Qh4 Nd7 19.Qe4 Nf8 20.Qg4 Ba3 21.Bc1 Bxc1 22.Raxc1 c5
23.dxc5 Qxc5 24.Rcd1 Rad8 25.Bb1 Nd7 26.Qf4 Nf6 27.h3 Rxd1 28.Rxd1 Qh5 29.b4 Bxf3
30.Qxf3 Qxf3 31.gxf3 Rc8 32.Bc2 Kf8 33.Bb3 Ke7 34.Kf1 Nh5 35.Rd4 Rd8 36.Re4 g5
37.c5 bxc5 38.bxc5 Rc8 39.Ra4 Rc7 40.h4 f6 41.Ke2 Nf4+ 42.Ke3 h5 43.Ra6 Rxc5
44.Rxa7+ Kd6 45.hxg5 fxg5 46.Rg7 h4 47.Kd4 Rc7 48.Rg8 Rh7 49.Ke4 h3 50.Rd8+ Kc5
51.Rd1 Kb4 52.Rh1 Kc3 53.Ke3 Rd7 54.Rc1+ Kb2 55.Rh1 Rc7 56.Ke4 Rc1 57.Rh2 Re1+
58.Kd4 Rg1 59.Ke3 Kc3  0-1

[Event "Chess Cruise g/15"]
[Site "Odessa/Istanbul UKR/TUR"]
[Date "2006.08.31"]
[Round "8"]
[White "Drozdovskij,Y"]
[Black "Zhukova,N"]
[Result "1-0"]
[WhiteElo "2552"]
[BlackElo "2456"]

1.d4 d5 2.c4 c6 3.Nc3 Nf6 4.e3 e6 5.Nf3 Nbd7 6.Qc2 Bd6 7.Bd3 O-O 8.O-O dxc4
9.Bxc4 a6 10.Rd1 b5 11.Be2 Qc7 12.e4 e5 13.Bg5 exd4 14.Rxd4 Bc5 15.Rd2 Qb6
16.Bh4 Ng4 17.Rf1 Nde5 18.Nxe5 Nxe5 19.Kh1 Be6 20.b3 f6 21.f3 a5 22.Rb1 Rfd8
23.Rxd8+ Rxd8 24.Rd1 Rxd1+ 25.Nxd1 Bf7 26.Be1 Bd4 27.Bf1 c5 28.Nc3 c4 29.Nd5 Bxd5
30.exd5 c3 31.f4 Ng6 32.Qe4 Nf8 33.Bd3 Qc5 34.d6 Qxd6 35.Bxb5 Qc5 36.Bc4+ Kh8  1-0